000 00802nam a22001935i 4500
001 171029
003 ES-MaACL
005 20230906214524.0
008 090422s1874 fr |||| | fre d
080 _a821.133.1-2"18"
100 1 _aScribe, Eugène.
_9104966
245 1 0 _aOeuvres complètes de Eugène Scribe.
_n5me série,
_pProverbes. Nouvelles. Romans.
260 _aParis :
_bE. Dentu,
_c1874 (
_fPaul Dupont)
300 _a370 p. ;
_c19 cm.
505 8 _aContiene: Un ministre sous Louis XV ; Le Jeune docteur ; Le Tête-à-tête ; La Conversion ; Potemkin ; Le Prix de la vie ; Judith ; Le Roi de carreau ; Les Malheurs heureux.
700 1 _aDentu, E.,
_eed.
_9230064
700 1 _aDupont, Paul.
_946109
852 4 _aES-MaACL
_jE-12599
_9R.140244
_z. - Biblioteca Jacinto Martínez Lacalle
999 _c171029
_d171029